<?xml version="1.0" encoding="UTF-8"?><?xml-stylesheet type="text/xsl" href="static/style.xsl"?><OAI-PMH xmlns="http://www.openarchives.org/OAI/2.0/" xmlns:xsi="http://www.w3.org/2001/XMLSchema-instance" xsi:schemaLocation="http://www.openarchives.org/OAI/2.0/ http://www.openarchives.org/OAI/2.0/OAI-PMH.xsd"><responseDate>2026-04-13T19:24:24Z</responseDate><request verb="GetRecord" identifier="oai:www.recercat.cat:2117/106698" metadataPrefix="marc">https://recercat.cat/oai/request</request><GetRecord><record><header><identifier>oai:recercat.cat:2117/106698</identifier><datestamp>2025-07-23T00:06:54Z</datestamp><setSpec>com_2072_1033</setSpec><setSpec>col_2072_452951</setSpec></header><metadata><record xmlns="http://www.loc.gov/MARC21/slim" xmlns:dcterms="http://purl.org/dc/terms/" xmlns:xsi="http://www.w3.org/2001/XMLSchema-instance" xmlns:doc="http://www.lyncode.com/xoai" xsi:schemaLocation="http://www.loc.gov/MARC21/slim http://www.loc.gov/standards/marcxml/schema/MARC21slim.xsd">
   <leader>00925njm 22002777a 4500</leader>
   <datafield ind2=" " ind1=" " tag="042">
      <subfield code="a">dc</subfield>
   </datafield>
   <datafield ind2=" " ind1=" " tag="720">
      <subfield code="a">Casales Hernández, Víctor</subfield>
      <subfield code="e">author</subfield>
   </datafield>
   <datafield ind2=" " ind1=" " tag="260">
      <subfield code="c">2016-06-22</subfield>
   </datafield>
   <datafield ind2=" " ind1=" " tag="520">
      <subfield code="a">En este trabajo se ha intentado realizar un estudio sobre un proyecto ya desarrollado, que trata sobre la súper-resolución de imágenes  aplicada  con  deep learning y readaptar dicho proyecto para su utilización con imágenes de profundidad, ya que originalmente éste está optimizado para la súper-resolución con imágenes a color y en escala de grises.&#xd;
El  principal  trabajo  realizado ha sido aprovechar la implementación de este proyecto y entrenarlo con diferentes bases de datos de profundidad para analizar su comportamiento al ser probado con diferentes sets de validación.&#xd;
Después de entrenar la red neuronal con las diferentes bases de datos y comprobar su rendimiento con los diferentes sets de validación, se han elegido los modelos con mejor rendimiento. Una vez escogidos los modelos se han modificado parámetros de configuración de la red tales como el número de iteraciones o las bases de datos utilizadas para reentrenar dichos modelos y analizar de nuevo su rendimiento con los mismos sets de validación.&#xd;
Finalmente los resultados obtenidos han sido los esperados, obteniendo nuevas imágenes  de  profundidad  aumentadas  en  un  factor  3  a  las  originales  y  con una calidad de imagen mejorada de hasta 2.7 dB superior a la interpolación bicúbica.</subfield>
   </datafield>
   <datafield tag="653" ind2=" " ind1=" ">
      <subfield code="a">Àrees temàtiques de la UPC::Enginyeria de la telecomunicació::Processament del senyal::Processament de la imatge i del senyal vídeo</subfield>
   </datafield>
   <datafield tag="653" ind2=" " ind1=" ">
      <subfield code="a">Digital images</subfield>
   </datafield>
   <datafield tag="653" ind2=" " ind1=" ">
      <subfield code="a">Image processing</subfield>
   </datafield>
   <datafield tag="653" ind2=" " ind1=" ">
      <subfield code="a">Super-resolution</subfield>
   </datafield>
   <datafield tag="653" ind2=" " ind1=" ">
      <subfield code="a">Deep learning</subfield>
   </datafield>
   <datafield tag="653" ind2=" " ind1=" ">
      <subfield code="a">Depth maps</subfield>
   </datafield>
   <datafield tag="653" ind2=" " ind1=" ">
      <subfield code="a">Imatges digitals</subfield>
   </datafield>
   <datafield tag="653" ind2=" " ind1=" ">
      <subfield code="a">Imatges--Processament</subfield>
   </datafield>
   <datafield ind2="0" ind1="0" tag="245">
      <subfield code="a">Súper-resolución de imágenes de profundidad aplicadas con deep learning</subfield>
   </datafield>
</record></metadata></record></GetRecord></OAI-PMH>